000 01402cam a2200373 a 4500
003 CHAP
005 20220817043648.0
007 z
008 000502d1999 mx 10 spa d
010 _a80960
011 _a81932
020 _a9701327144
035 _a92416
040 _cCHAP
090 _aCD-49
110 1 _aInstituto Nacional de Estadística, Geografía e Informática. México
_959304
245 0 _aCensos económicos 1999 (disco compacto) :
_benumeración integral resultados oportunos
_c/por Instituto Nacional de Estadística Geografía e Informática
260 _aAguascalientes, Ags. :
_bInstituto Nacional de Estadística, Geografía e Informática,
_c1999.
300 _a1 disco compacto :
_bgráfs. ; mapas
_c5 1/4 plgs.
590 _aBATCH-UPD
_b10
_c20130110
_lUCH01
_h0929
590 _aBATCH-UPD
_b10
_c20130410
_lUCH01
_h0549
590 _aBATCH-UPD
_b10
_c20130914
_lUCH01
_h1232
590 _aCONVERSION
_b10
_c20130109
_lUCH01
_h1345
650 1 4 _aEconomía
_xEstadísticas.
_935234
650 1 4 _aEmpresas
_zMéxico.
_936646
650 1 4 _aIndustria
_xEstadísticas
_zMéxico.
_957721
650 1 4 _aMéxico
_xCondiciones económicas.
650 1 4 _aMéxico
_xEstadísticas.
_976743
901 _aBK
905 _aBlanca M. García O.
942 _cCD
949 _aCD-49
_bBC
_cCD
_d33724000772653
_eCD
_i92416
_sb
949 _aCD-49
_bBC
_cCD
_d33724000809638
_eCD
_fc.2
_i92416
_sb
999 _c80960
_d80960